| 000 | 01208aam a2200313 4500 | ||
|---|---|---|---|
| 001 | 19406 | ||
| 003 | CO-MdFUSB | ||
| 005 | 20180622074830.0 | ||
| 008 | 170508t1986 enk||||f |||| 00| 0 eng d | ||
| 020 | _a0-19-826727-4 | ||
| 040 |
_aCO-MdFUSB _bspa _cCO-MdFUSB _dCO-MdFUSBC _erda |
||
| 041 | _aeng | ||
| 082 |
_224 _a231.76 _bN624g |
||
| 100 | 1 |
_aNicholson, Ernest W. _eautor |
|
| 245 | 1 | 0 |
_aGod and his people _b: Covenant and theology in the Old Testament _c/ Ernest W. Nicholson |
| 264 | 1 |
_aOxford, England : _bClarendon Press, _c℗1986 |
|
| 264 | 4 | _c©1986 | |
| 300 |
_a244 páginas _b: _c; |
||
| 336 |
_2rdacontent _a1 _ba1 |
||
| 337 |
_2rdamedia _a2 _b5 |
||
| 338 |
_2rdacarrier _a2 _b5 |
||
| 500 | _aIncluye índices (p. 233-244) | ||
| 504 | _aBibliografía (p. 218- 231) | ||
| 505 | 0 | 0 | _aEl pacto en un siglo de estudio desde el tiempo de Wellhausen - Una épooca de controversia (1878-1918) - Tratado y pacto - Pacto como una idea teológica - El origen de la alianza entre Dios e Israel: Textos claves - El pacto y el carácter distintivo de la fe de Israel |
| 563 | _aPasta dura | ||
| 653 | _aLa teología del pacto - enseñanza bíblica | ||
| 942 | _cBK | ||
| 999 |
_c45771 _d45771 |
||